Princípios institucionais do Ministério Público : (Record no. 1351)

MARC details
000 -LÍDER
Campo Fixo de Controle 00897nam a2200253 a 4500
001 - NÚMERO DE CONTROLE
Campo de Controle 1351
003 - IDENTIFICAÇÃO DO NÚMERO DE CONTROLE
Campo de Controle BR-CuiBMT
005 - DATA E HORA DA ÚLTIMA ATUALIZAÇÃO
Campo de Controle 20231205201913.0
008 - DADOS FIXOS
Dados Fixos 231117s2007 rjb 000 0 por d
020 ## - INTERNATIONAL STANDARD BOOK NUMBER
Nº do ISBN 9788537500699
040 ## - AGÊNCIA CATALOGADORA
Código da Agência Catalogadora BR-CuiBMT
Agência que transcreveu o registro BR-CuiBMT
080 ## - Nº DA CLASSIFICAÇÃO DECIMAL UNIVERSAL
Nº Class. CDU 347.963
Nº edição CDU 2007
090 ## - NÚMERO DE CHAMADA
Nº classificação 347.963
Cutter P654p
Ano/Edição 4. ed.
100 1# - ENTRADA PRINCIPAL -- AUTOR PESSOAL
Nome pessoal Pinho, Humberto Dalla Bernardina de,
Datas associadas ao nome 1971-
245 10 - TÍTULO PRINCIPAL
Título principal Princípios institucionais do Ministério Público :
Subtítulo legislação compilada /
Indicação de responsabilidade Humberto Dalla Bernardina de Pinho.
250 ## - EDIÇÃO
Edição 4. ed.
260 ## - PUBLICAÇÃO, DISTRIBUIÇÃO, ETC.
Local de publicação Rio de Janeiro :
Editora Lumen Juris,
Data 2007.
300 ## - DESCRIÇÃO FÍSICA
N. páginas ou volumes 843 p. :
Ilustrações il. ;
Dimensões 24 cm
504 ## - NOTA DE BIBLIOGRAFIA, ETC.
Nota de bibliografia Inclui Bibliografia.
650 ## - ASSUNTO TÓPICO
Cabeçalho tópico ou nome geográfico Ministério público
Subdivisão geral Procuradores gerais
Subdivisão geográfica Brasil
650 ## - ASSUNTO TÓPICO
Cabeçalho tópico ou nome geográfico Ministério público
Subdivisão geral Procuradores gerais
Subdivisão geográfica Rio de Janeiro (Estado)
650 ## - ASSUNTO TÓPICO
Cabeçalho tópico ou nome geográfico Procuradoria geral de justiça
Subdivisão geral Resoluções
Subdivisão geográfica Brasil
942 ## - ELEMENTOS DE ENTRADA ADICIONAIS (KOHA)
Fonte de classificação ou esquema de arquivamento Classificação Decimal Universal
Tipo de item do Koha Livros
Holdings
Estado: removido Estado: perdido Fonte de classificação ou esquema de arquivamento Estado: danificado Indisponível para empréstimo Localização permanente Localização atual Data de aquisição Total Checkouts Número de Chamada completo Código de barras Date last seen Número do exemplar Preço efetivo a partir de Tipo de item (Koha)
    Classificação Decimal Universal     Biblioteca da Escola Superior de Contas do TCE/MT Biblioteca da Escola Superior de Contas do TCE/MT 05/12/2023   347.963 P654p 4. ed. BIBTCEMT23120225 05/12/2023 Ex. 1 05/12/2023 Livros

Powered by Koha